000 00929nam a2200277 i 4500
003 DO-SdBNP
005 20260527074042.0
006 a||||gr|||| 00| 0
007 ta
008 230814e1998 dr ||||| |||| 00| e spa d
040 _aDO-SdBNP
_bspa
_cBNPHU
_erda
082 4 _a324.27293
_bA448p
_222
100 1 _aAlmeyda Rancier, Franklin
_937117
_eautor
245 _aEl PLD en la transición /
_cFranklin Almeyda Rancier
264 1 _aSanto Domingo :
_bGente,
_c1998
300 _a425 páginas ;
_c21 cm.
336 _2rdacontent
_atexto
_btxt
337 _2rdamedia
_asin mediación
_bn
338 _2rdacarrier
_avolumen
_bnc
590 _aInventariado 2023 / MF
610 2 4 _aPartido de la Liberación Dominicana
_xHistoria
_964153
650 0 _aPartidos políticos
_zRepública Dominicana
_9285
651 0 _aRepública Dominicana
_xPolítica y gobierno
_945
910 _aValidado. Control de calidad MFF
942 _2ddc
_cLBS1
999 _c54394
_d54394